Дело по предположениям командированного по высочайшему повелению генерал-лейтенанта Синельникова о приспособлении арестантских р...

Доступно только в Электронных читальных залах Найти на картеНа карте
RUSMARC
00003793nmc2a22000003x 450
00109dacff2-dc04-4238-8d4c-66463f5b4892
00520200302133430.0
100##$a20180903l18641874k l0rusy0189 ca
1010#$arus
102##$aRU
2001#$aДело по предположениям командированного по высочайшему повелению генерал-лейтенанта Синельникова о приспособлении арестантских рот и разных других мест для польских преступников
$j15 января 1864 г. - 19 сентября 1874 г.
251##$cДело
300##$aДело
801#0$aRU
$bРГИА
$c20180903
$gRCR
801#1$aRU
$bГлавНИВЦ
$c20180903
$2rusmarc
801#2$aRU
$bПБ им. Б.Н. Ельцина
$c20200302
$gRCR
$2rusmarc
850##$aРГИА
852##$aРГИА
$eФедеральное казенное учреждение "Российский государственный исторический архив" (РГИА)
$j106
937##$hРГИА
$d12287357
$aASBIBLIO_SCAN
462#0$1001921ec746-9587-48a9-b6c2-ef8589ca621c
$12001
$aДела Департамента полиции исполнительной МВД за 1864 год
$1251
$cОпись
$1852
$j25
$l1864 г.
461#0$10013e300ed0-cd39-49af-8489-5ba5b90fa401
$12001
$aДепартамент полиции исполнительной МВД
$1251
$cФонд
$1852
$j1286
215##$a92 л.
$d36,5х26 см
371##$aДокумент не является опубликованным и широко распространяемым
105##$ay###
1222#$ad
035##$a09dacff2-dc04-4238-8d4c-66463f5b4892
856##$uhttp://readingroom.main.prlib.ru/item.aspx?id_node=n142256254&mode=full
Формат отображения